| 000 | 00752cam a22002291 4500 | ||
|---|---|---|---|
| 001 | ne 63002519 | ||
| 003 | DLC | ||
| 005 | 20260227111753.0 | ||
| 008 | 900504s1961 ua a 000 0 ara | ||
| 010 | _ane 63002519 | ||
| 025 | _aPL480:UAR-253 | ||
| 035 | _a(OCoLC)21479803 | ||
| 040 |
_aDLC _cWaU _dWaU _dDLC |
||
| 042 | _apremarc | ||
| 050 | 0 | 0 |
_aND160 _b.J23 |
| 100 | 1 | _aJabākhanjī, Muḥammad Ṣidqī. | |
| 245 | 1 | 0 |
_aFunūn al-taṣwīr al-muʻāṣirah _c[taʼlīf] Muh̄ammad Ṣidqī al-Jabākhanjī. |
| 260 |
_a[al-Qāhirah] _bWizārat al-Thaqāfah wa-al-Irshad al-Qawmī, al-Idārah al-ʻĀmmah lil-Thaqāfah, _c1961. |
||
| 300 |
_a143 p. _billus. _c17 cm. |
||
| 440 | 0 |
_aMaktabah al-thaqāfīyah ; _v31 |
|
| 650 | 0 |
_aPainting _xHistory. |
|
| 999 |
_c46484 _d46484 |
||